000 00503nam a2200169Ia 4500
003 GCL
008 140319s9999 xx 000 0 ara d
040 _aGCL /
_cGCL
082 0 4 _a940.2
_bج ت
100 1 _aجلال يحيى
245 1 0 _aالتاريخ الاوربى الحديث والمعاصر سيطرة اوربا على العالم /
_cجلال يحيى
300 _a539 ص
490 _a100 قصة
_v0
650 0 4 _aالعصر الحديث
650 0 4 _aالتاريخ
942 _2ddc
_cBK
999 _c44257
_d44257